000 00399nam a2200157Ia 4500
003 LK-CoDNM
008 010623t1890 xxu||||| |||| 00| 1 eng d
040 _aLK-CoDNM
_dLK-CoDNM
_eLK-CoDNM
041 _aeng
080 _a50
_bB 16
100 _aGreen,Ernest.E.
245 _aInsect Pests of the Tea Plant
260 _bGovernment Press
_aColombo
_c1890
300 _b104P,20ill., 17 cm
942 _cBK
999 _c83150
_d83150